Sports Quiz

Random Sports or NHL Quiz

Non-Gretzky NHL Records Quiz Stats

 Plays Quiz not verified by Sporcle

Also try: Over/Under: Sports
Challenge
Share
Tweet
Embed
Score 0/25 Timer 06:00
0 Plays Today
Team(s) Player % Correct
WhalersGordie Howe
94.6%
BruinsBobby Orr
89.9%
CanadiensHenri Richard
88.4%
DevilsMartin Brodeur
87.3%
BluesBrett Hull
87.3%
Bruins/AvalancheRaymond Bourque
87.3%
JetsTeemu Selanne
85.5%
Penguins/Capitals/RangersJaromir Jagr
85.5%
IslandersMike Bossy
81.9%
OilersPaul Coffey
81.9%
Leafs/Canucks/Wings/Kings/WhalersTiger Williams
75%
PanthersRoberto Luongo
71.7%
LeafsDaryl Sittler
67.4%
Team(s) Player % Correct
Sabres/Maple Leafs/Devils/Bruins/Avalanche/LightningDave Andreychuk
67%
Blackhawks/Canadiens/WingsChris Chelios
66.3%
Canadiens/KingsLarry Robinson
65.9%
Capitals/North Stars/Rangers/Leafs/CoyotesMike Gartner
62.3%
CanadiensJean Beliveau
62%
Sabres/Penguins/Senators/Hurricanes/Leafs/BluesTom Barrasso
58%
Wings/BlackhawksGlenn Hall
54.7%
FlyersDave Schultz
53.6%
Wings/Leafs/Bruins/Kings/RangersTerry Sawchuk
50.4%
BulldogsJoe Malone
46.7%
Canadiens/Capitals/WhalersDoug Jarvis
42%
BlackhawksBill Mosienko
30.8%

You're not logged in!

Compare scores with friends on all Sporcle quizzes.
Join for Free
OR
Log In

You Might Also Like...

Show Comments

Extras

Top Quizzes Today


Score Distribution

Your Account Isn't Verified!

In order to create a playlist on Sporcle, you need to verify the email address you used during registration. Go to your Sporcle Settings to finish the process.

Report this User

Report this user for behavior that violates our Community Guidelines.

Details: